Solid Waste Engineering (Record no. 332156)

000 -LEADER
fixed length control field nam a22 7a 4500
003 - CONTROL NUMBER IDENTIFIER
control field NUST
005 - DATE AND TIME OF LATEST TRANSACTION
control field 20171115154355.0
008 - FIXED-LENGTH DATA ELEMENTS--GENERAL INFORMATION
fixed length control field 171115b xxu||||| |||| 00| 0 eng d
020 ## - INTERNATIONAL STANDARD BOOK NUMBER
International Standard Book Number 9788031504109
040 ## - CATALOGING SOURCE
Transcribing agency 0
082 ## - DEWEY DECIMAL CLASSIFICATION NUMBER
Classification number 628.44 VES
100 ## - MAIN ENTRY--PERSONAL NAME
Personal name Vesilind,P.Aarne
9 (RLIN) 5746
245 ## - TITLE STATEMENT
Title Solid Waste Engineering
Statement of responsibility, etc. P.Aarne Vesilind
250 ## - EDITION STATEMENT
Edition statement Indian Editon
260 ## - PUBLICATION, DISTRIBUTION, ETC.
Place of publication, distribution, etc. Australia
Name of publisher, distributor, etc. CENGAGE Learning
Date of publication, distribution, etc. 2002.
300 ## - PHYSICAL DESCRIPTION
Extent 428p.
500 ## - GENERAL NOTE
General note H.B
942 ## - ADDED ENTRY ELEMENTS (KOHA)
Source of classification or shelving scheme
Koha item type Book
Call number prefix IESE
Holdings
Withdrawn status Lost status Source of classification or shelving scheme Damaged status Not for loan Collection code Permanent Location Current Location Shelving location Date acquired Total Checkouts Full call number Barcode Date last seen Price effective from Koha item type Checked out Date last checked out
            Institute of Environmental Science and Engineering (IESE) Institute of Environmental Science and Engineering (IESE) General Stacks 11/15/2017   628.44 VES IESE-2011 11/15/2017 11/15/2017 Book    
            Institute of Environmental Science and Engineering (IESE) Institute of Environmental Science and Engineering (IESE) General Stacks 11/15/2017   628.44 VES IESE-1733 11/15/2017 11/15/2017 Book    
            Institute of Environmental Science and Engineering (IESE) Institute of Environmental Science and Engineering (IESE) General Stacks 11/15/2017 1 628.44 VES IESE-1734 04/22/2024 11/15/2017 Book 05/22/2024 04/22/2024
© 2023 Central Library, National University of Sciences and Technology. All Rights Reserved.